Parker, D. S.: Hitlerova ofenziva - Ardeny. Německý pohled na "bitvu o výběžek"

Bibliographic Details
Main Author: Maskalík, Alex, 1976- (Author)
Format: Article
Language:Slovak
ISSN:1335-3314
Subjects:

MARC

LEADER 00000nab a2200000 a 4500
001 vtls000872166
003 SK-MaSNL
005 20260304143156.0
008 250505c2003 xo o 0b slo
015 |a SNBRB2004/05-14358 
035 |a CLN000223718 
035 |a (urnnbn)urn:nbn:sk:snk:ar-a085rc 
035 |a (uuid)079e86d9-8e0f-4914-97b7-7e0c51bbee4c 
035 |a urn:nbn:sk:snk-ab8ddb 
040 |a SNKBUCL  |b slo  |c SNKBUCL  |e AACR2 
041 0 |a slo 
044 |a xo  |c SK 
080 |a 94(100)"1944/1945":355.48(048)  |2 1997 
080 |a 355.48(493)"1944/1945"(048)  |2 1997 
080 |a 94(493)"1944"1945"(048)  |2 1997 
100 1 |a Maskalík, Alex,  |d 1976-  |4 aut  |9 121358 
245 1 0 |a Parker, D. S.: Hitlerova ofenziva - Ardeny. Německý pohled na "bitvu o výběžek"  |c A. Maskalík 
648 7 |a 1944-1945  |2 snkbucl  |9 282693 
650 0 7 |a druhá svetová vojna (1939-1945)  |2 snkbucl  |9 169657 
650 0 7 |a bitka o Ardeny (1944-1945)  |2 snkbucl  |9 31087 
650 0 7 |a monografie  |2 snkbucl  |9 256509 
651 7 |a Belgicko  |2 snkbucl  |9 145816 
651 7 |a Ardeny (pohorie)  |2 snkbucl  |9 246235 
655 7 |a recenzie  |2 snkbucl  |9 21907 
773 0 |t Vojenská história  |g Roč. 7, č. 4 (2003), s.151-153  |x 1335-3314 
787 0 8 |i Rec.:  |a Parker, Danny S.  |t Hitlerova ofenziva - Ardeny  |d Brno : Jota, 2003  |z 8072172115 
850 |a Slovenská národná knižnica 
852 |a Slovenská národná knižnica 
954 |a odborná, vedecká literatúra pôvodná (slovenská)  |2 lita 
958 |a article9 
958 |a CZ 
958 |a BE 
958 |a RC 
958 |a OND 
958 |a EUIPO 
999 |c 2924548  |d 2926478